Szégyen vagy szerelem?
Elmentve itt :
| Szerző: | |
|---|---|
| Dokumentumtípus: | Cikk |
| Megjelent: |
1991-11-08
|
| Sorozat: | Délmagyarország
81 No. 262 |
| Online Access: | http://dmarchiv.bibl.u-szeged.hu/93194 |
| LEADER | 00404nab a2200145 i 4500 | ||
|---|---|---|---|
| 001 | delm93194 | ||
| 005 | 20190927103813.0 | ||
| 008 | 190927s1991 hu o 0|| hun d | ||
| 040 | |a SZTE Délmagyarország Archívum |b hun | ||
| 041 | |a hun | ||
| 100 | 1 | |a Dér Endre | |
| 245 | 1 | 0 | |a Szégyen vagy szerelem? |h [elektronikus dokumentum] / |c Dér Endre |
| 260 | |c 1991-11-08 | ||
| 300 | |a 5 | ||
| 490 | 0 | |a Délmagyarország |v 81 No. 262 | |